Neurociencia : (Registro nro. 3842)
[ vista simple ]
| 000 -CABECERA | |
|---|---|
| campo de control de longitud fija | 01659nam a2200265Ia 4500 |
| 003 - IDENTIFICADOR DEL NÚMERO DE CONTROL | |
| campo de control | AR-RoIUNI |
| 005 - FECHA Y HORA DE LA ÚLTIMA TRANSACCIÓN | |
| campo de control | 20190228144258.0 |
| 007 - CAMPO FIJO DE DESCRIPCIÓN FÍSICA--INFORMACIÓN GENERAL | |
| campo de control de longitud fija | ta |
| 008 - DATOS DE LONGITUD FIJA--INFORMACIÓN GENERAL | |
| campo de control de longitud fija | 150616s2009 ag r 000 0 spa d |
| 020 ## - NÚMERO INTERNACIONAL ESTÁNDAR DEL LIBRO | |
| Número Internacional Estándar del Libro | 9789876490412 |
| 040 ## - FUENTE DE LA CATALOGACIÓN | |
| Centro/agencia transcriptor | AR-RoIUNI |
| 080 ## - NÚMERO DE LA CLASIFICACIÓN DECIMAL UNIVERSAL | |
| Número de la Clasificación Decimal Universal | 612.8 |
| 100 1# - ENTRADA PRINCIPAL--NOMBRE DE PERSONA | |
| Nombre de persona | Vázquez, Gustavo Héctor. |
| 245 10 - MENCIÓN DE TÍTULO | |
| Título | Neurociencia : |
| Resto del título | bases y fundamentos / |
| Mención de responsabilidad, etc. | Gustavo Héctor Vázquez ; Alejandra Vieitez, Oscar Boullosa, Eliana Hadid. |
| 250 ## - MENCIÓN DE EDICIÓN | |
| Mención de edición | 2a. ed. rev. y ampliada. |
| 260 ## - PUBLICACIÓN, DISTRIBUCIÓN, ETC. (PIE DE IMPRENTA) | |
| Lugar de publicación, distribución, etc. | Buenos Aires : |
| Nombre del editor, distribuidor, etc. | Polemos, |
| Fecha de publicación, distribución, etc. | 20012 |
| 300 ## - DESCRIPCIÓN FÍSICA | |
| Extensión | 188 p. : |
| Otras características físicas | il. ; |
| Dimensiones | 21 cm. |
| 505 0# - NOTA DE CONTENIDO CON FORMATO | |
| Nota de contenido con formato | Capítulo 1. Neuroanatomía general: anatomía macroscópica del sistema nervioso -- Capítulo 2. Anatomía estructural de la neurona -- Capítulo 3. Introducción al estudio de la neurofisiología básica -- Capítulo 4. Neurotransmisores -- Capítulo 5. Receptores de membrana -- Capítulo 6. Sistemas neuronales -- Capítulo 7. Mecanismo energético cerebral: una perspectiva de integración celular -- Capítulo 8. Desarrollo cerebral y comportamiento -- Capítulo 9. Corteza cerebral -- Capítulo 10. Sistema motor -- Capítulo 11. Sistemas sensoriales -- Capítulo 12. Sistemas sensoriales II -- Capítulo 13. Substratos neurobiológicos, sistemas anatómicos y mecanismos implicados en el aprendizaje y la memoria -- Capítulo 14. Sistema límbico -- Capítulo 15. Fundamentos de biología molecular -- Capítulo 16. Patrones de herencia humana -- Capítulo 17. Estudios biológicos complementarios. |
| 650 #4 - PUNTO DE ACCESO ADICIONAL DE MATERIA--TÉRMINO DE MATERIA | |
| Término de materia o nombre geográfico como elemento inicial | PSICOLOGÍA |
| 9 (RLIN) | 108 |
| 650 #4 - PUNTO DE ACCESO ADICIONAL DE MATERIA--TÉRMINO DE MATERIA | |
| Término de materia o nombre geográfico como elemento inicial | NEUROCIENCIAS |
| 700 1# - PUNTO DE ACCESO ADICIONAL--NOMBRE DE PERSONA | |
| Nombre de persona | Vieitez, Alejandra. |
| 700 1# - PUNTO DE ACCESO ADICIONAL--NOMBRE DE PERSONA | |
| Nombre de persona | Boullosa, Oscar. |
| 700 1# - PUNTO DE ACCESO ADICIONAL--NOMBRE DE PERSONA | |
| Nombre de persona | Hadid, Eliana. |
| 942 ## - ELEMENTOS DE PUNTO DE ACCESO ADICIONAL (KOHA) | |
| Tipo de ítem Koha | Libros |
| Fuente del sistema de clasificación o colocación | Clasificación Decimal Universal |
| Estado de retiro | Estado de pérdida | Fuente del sistema de clasificación o colocación | Estado dañado | Excepción de préstamo | Localización permanente | Ubicación/localización actual | Ubicación en estantería | Fecha de adquisición | Fuente de adquisición | Número de inventario | Total de préstamos | Signatura topográfica completa | Código de barras | Fecha visto por última vez | Precio válido a partir de | Tipo de ítem Koha |
|---|---|---|---|---|---|---|---|---|---|---|---|---|---|---|---|---|
| Clasificación Decimal Universal | BIBLIOTECA RIOBAMBA | BIBLIOTECA VENADO TUERTO | BIBLIOTECA VENADO TUERTO | 11/06/2018 | Compra | 4007 | 612.8 VAZ | 4007 | 11/06/2018 | 11/06/2018 | Libros |

